Constructional Engineers (Record no. 548813)
[ view plain ]
| 000 -LEADER | |
|---|---|
| fixed length control field | 00507nam a22001457a 4500 |
| 082 ## - DEWEY DECIMAL CLASSIFICATION NUMBER | |
| Classification number | 672 |
| Author Mark | HAN |
| -- | L-13, P-27 |
| 100 ## - MAIN ENTRY--PERSONAL NAME | |
| Personal name | Dorman, Long & Co., Ltd |
| 9 (RLIN) | 45241 |
| 245 ## - TITLE STATEMENT | |
| Title | Constructional Engineers |
| Remainder of title | Tables Relating to Steel and Information Regarding the Products and Manufactures |
| Statement of responsibility, etc. | Dorman, Long & Co., Ltd |
| 250 ## - EDITION STATEMENT | |
| Edition statement | 1938 |
| 260 ## - PUBLICATION, DISTRIBUTION, ETC. | |
| Place of publication, distribution, etc. | Britian |
| Name of publisher, distributor, etc. | Mccrquodale & Co., Limited Caxton Works Glassgow |
| 300 ## - PHYSICAL DESCRIPTION | |
| Extent | 609 P, : |
| 526 ## - STUDY PROGRAM INFORMATION NOTE | |
| Program name | 0 |
| Interest level | 0 |
| Reading level | 0 |
| Title point value | 672_000000000000000_HAN |
| 650 ## - SUBJECT ADDED ENTRY--TOPICAL TERM | |
| Topical term or geographic name entry element | MCE |
| 9 (RLIN) | 379 |
| 942 ## - ADDED ENTRY ELEMENTS (KOHA) | |
| Source of classification or shelving scheme | |
| Koha item type | Book |
| Withdrawn status | Lost status | Source of classification or shelving scheme | Damaged status | Not for loan | Permanent Location | Current Location | Date acquired | Total Checkouts | Full call number | Barcode | Date last seen | Price effective from | Koha item type |
|---|---|---|---|---|---|---|---|---|---|---|---|---|---|
| Military College of Engineering (MCE) | Military College of Engineering (MCE) | 09/09/2014 | 672 HAN | MCE-30395 | 09/09/2014 | 09/09/2014 | Book |
